02370cam a2200289 450050000500170000004100080001704200070002510000300003270000360006270000260009824500910012426000180021550000070023352007160024052007610095669000280171769000140174569000190175969000210177869000250179969000120182469000180183669000200185478600810187485601040195599900210205920260329004652.0 afre adc10aMilanovic, Fabieneauthor10aMerleau-Ponty, Noémieeauthor10aPitrou, Perigeauthor00aBiobanques : quelles reconfigurations pour le vivant ? Approches interdisciplinaires c2017.  a55 aDans le cadre des activités de la pépinière interdisciplinaire CNRS-PSL « Domestication et fabrication du vivant », le colloque international « Biobanques : quelles reconfigurations pour le vivant ? » a été organisé pour engager une réflexion collective autour des biobanques. En réunissant des chercheurs provenant des sciences de la vie (biologie, médecine) et des sciences humaines et sociales (anthropologie, sociologie), l’objectif était de se pencher sur la diversité des opérations de transformation du vivant que ces nouvelles institutions produisent dans le domaine médical, comme dans les pratiques impliquant des animaux, des végétaux ou des microorganismes. aBiobanking: reconfiguration of living matter, what issues? Interdisciplinary approachesIn the framework of the interdisciplinary research program “Domestication and Fabrication of the Living” (CNRS-PSL), the international conference “Biobanking : reconfiguration of living matter, what issues ?” was organized to engage a collective reflection on the topic of biobanking. This conference brought together scientists (biology, medicine) and researchers from the Humanities and the Social Sciences (anthropology, sociology) in order to explore the diversity of operations designed to transform living material developed by these new institutions, in the field of human medicine, as well as in practices involving animals, plants or micro-organisms. aanthropologie de la vie abiobanque abiotechnologie aprocessus vitaux aanthropology of life abiobank abiotechnology avital processes0 nNatures Sciences Sociétés | 25 | 3 | 2017-11-15 | p. 268-275 | 1240-130741uhttps://stm.cairn.info/revue-natures-sciences-societes-2017-3-page-268?lang=fr&redirect-ssocas=7080 c1836124d1836124